000 00299nam a22001337a 4500
008 181204b xxu||||| |||| 00| 0 eng d
020 _a9780534147303
041 _aeng
080 _a316
100 _a50
101 _aSOC
245 _aThe Social Skills Workbook
_cBurry.C
942 _2udc
_cBK
999 _c52786
_d52786